000 00392nam a2200145Ia 4500
008 240624s9999 xx 000 0 und d
041 _aeng
082 _a658.4012 PEA
100 _aPEARCE JOHN A
245 _aSTRATEGIC MANAGEMENT PLANNING FOR DOMEST
250 _a(14th ed.)
260 _c2013
_aNew York
_bMagraw - Hill Education
300 _axxi, : 448 : p.: : 25 : cm.
365 _c
_b27
999 _c22982
_d22982